000 00415nam a2200145Ia 4500
008 230917s9999||||xx |||||||||||||| ||und||
040 _e229316
_aMAIN
041 _aEnglish
082 _a512.482 S32P
100 _aSteeb, Willi-Hans
245 0 _aProblems and solutions for groups, lie groups, lie algebras with applictions
260 _aNew Jersey
_bWorld Scientific
_c2012
300 _ax, 342 p.
942 _cBK
999 _c168106
_d168106